|
|
|
|
| LEADER |
00000nas a2200000 a 4500 |
| 001 |
ssj0016327 |
| 003 |
WaSeSS |
| 005 |
20200512172242.0 |
| 006 |
m d |
| 007 |
cr n |
| 008 |
030417c19319999enkbr pss o 0 a0eng |
| 010 |
|
|
|a 2008233636
|
| 015 |
|
|
|a GBB407616
|2 bnb
|
| 016 |
7 |
|
|a 2100301-4
|2 DE-600
|
| 016 |
7 |
|
|a 012919154
|2 Uk
|
| 022 |
|
|
|a 1475-3057
|l 0032-2474
|y 0032-2474
|
| 035 |
|
|
|a (WaSeSS)ssj0016327
|
| 040 |
|
|
|a OUN
|b eng
|c OUN
|d OCLCQ
|d OCL
|d OCLCQ
|d GUA
|d OCLCQ
|d DMF
|d OCLCQ
|d OCLCF
|d OCLCA
|d VT2
|d OCLCQ
|d DLC
|d BUF
|d NLE
|d AU@
|d UKMGB
|d SFB
|d WaSeSS
|
| 042 |
|
|
|a pcc
|
| 050 |
0 |
0 |
|a G575
|
| 082 |
0 |
4 |
|a 919.8
|
| 130 |
0 |
|
|a Polar record (Online)
|
| 245 |
1 |
0 |
|a Polar record
|h [electronic resource].
|
| 260 |
|
|
|a Cambridge ;
|a [New York] :
|b Cambridge University Press :
|b for the Scott Polar Research Institute
|
| 310 |
|
|
|a Bimonthly,
|b 2015-
|
| 321 |
|
|
|a Quarterly,
|b -2014.
|
| 362 |
1 |
|
|a Print began with v. 1, no. 1 (Jan. 1931).
|
| 506 |
|
|
|a License restrictions may limit access.
|
| 538 |
|
|
|a Mode of access: World Wide Web; may require Adobe Acrobat Reader.
|
| 588 |
|
|
|a Description based on: Vol. 39, no. 1 (Jan. 2003) (Cambridge journals, viewed Apr. 26, 2008).
|
| 588 |
|
|
|a Latest issue consulted: Vol. 51, issue 6 (Sept. 2017) (viewed Dec. 13, 2017).
|
| 651 |
|
0 |
|a Polar regions
|v Periodicals.
|
| 651 |
|
7 |
|a Polar regions.
|2 fast
|0 (OCoLC)fst01245645
|
| 655 |
|
0 |
|a Electronic journals.
|
| 710 |
2 |
|
|a Scott Polar Research Institute.
|
| 776 |
0 |
8 |
|i Print version:
|t Polar record
|x 0032-2474
|w (DLC) 35024615
|w (OCoLC)1762535850
|
| 850 |
|
|
|a DLC
|
| 856 |
4 |
0 |
|z Full text available from Research Library: 01/01/2003 to 1 year ago
|u https://search.proquest.com/publication/31231
|